000 01179nam0a22002531 4500
001 v19\rc\1311940
005 20260406183342.0
035 _a(NLR Aleph) 004468404
090 _a4550663
_c4550663
100 _a20060512d1899 |||y0rusy50 ca
101 0 _arus
102 _aRU
105 _ay z |||||
200 1 _aУзаконенное отношение русских мер к международным или метрическим, составлено Главною палатою мер и весов на основании статьи 16, пункт 8, высочайше утвержденного 4 июня 1899 года, положения о мерах и весах
_eС 1-го янв. 1900 г. ...
_fГлавная палата мер и весов
210 _a[Санкт-Петербург
_d1899]
215 _a[2] с.
309 _aВ части тиража другой набор
710 0 1 _aРоссия
_bГлавная палата мер и весов
_3RU\NLR\AUTH\889948501
_9392619
801 0 _aRU
_bNLR
_gpsbo
801 1 _aRU
_bProSoft-M
_2rusmarc
852 _aNLR
_j18.146.3.522
852 _aNLR
_j19.115.1.555
942 _cBOOK
980 _aNB